000 00311nam a2200109Ia 4500
008 171211s9999 xx 000 0 und d
245 _aArt and the Church: A Fractious Embrace
245 _cJonathan Koestlé-Cate
260 _c2016
650 _xReligion
856 _uhttp://down.ebook777.com/063/1472437624.pdf
999 _c350464
_d350464